| 000 | 00594nam a2200157Ia 4500 | ||
|---|---|---|---|
| 008 | 100204s9999 xx 000 0 und d | ||
| 082 | _b27127 | ||
| 100 | _aलोकापल्ली विजय | ||
| 245 | _aवीरेंद्र्र्र सहवास | ||
| 260 |
_bचंद्र्रकांत शेटये प्रकाशन _c2006 |
||
| 300 | _a144 | ||
| 630 | _aवीरेंद्र्र्र सहवास | ||
| 700 | _aपंडित बाळ ज. | ||
| 730 | _aवीरेंद्र्र्र सहवास | ||
| 942 | _cBOOK | ||
| 999 |
_c472306 _d472303 |
||